000 00789nam a22002297a 4500
005 20180606171143.0
010 _aB-477814
020 _a9788121907415
_c310.00
020 _c550.00(AV)
035 _aB-477814
035 _aB-667642
037 _aK.K.Pub/BL2032/23.5.12
_bRP/SHahdara
082 _a513
100 _aAggarwal,R.S.
245 _aObjective Arithmatic ;
_bssc and railway exam special /
_cR.S.Aggarwal
260 _aNew Delhi
_bS.Chand
_c2011
270 _a7361 Ram Nagar
_bDelhi
300 _a635pg
_c24pg
942 _2ddc
_cEN
_h513
_mAGG
999 _c67163
_d67163